000 00608nam a22001937a 4500
005 20251108164249.0
008 250721s1990 xx 000 0 ara d
082 1 4 _a350.005/حطا
100 1 _aالحطاب، سلطان
245 1 0 _aبصراحة :
_bقراءة في كتاب التكليف السامي لحكومة الشريف زيد بن شاكر /
264 1 _aعمان :
_bدار الخواجا،
_c1990.
300 _a124ص
650 1 7 _aالأردن
650 1 7 _aالسياسة
650 1 7 _aالحكومة
650 1 7 _aالإدارة المحلية
942 _2ddc
_cBK
999 _c7812
_d7812